| 000 | 00671nam a2200205 i 4500 | ||
|---|---|---|---|
| 001 | 44446 | ||
| 003 | ES-MaACL | ||
| 005 | 20250827062600.0 | ||
| 007 | t| | ||
| 008 | 030321s1843 sp ||||1| spa d | ||
| 110 | 1 |
_aEspaña _93622 |
|
| 245 | 0 | 0 |
_aCódigo civil redactado con arreglo a la legislación vigente / _cpor José María Fernández de la Hoz. |
| 260 |
_aMadrid : _bEusebio Aguado, _c1843. |
||
| 300 |
_a315 p. ; _c19 cm. |
||
| 650 | 0 | 4 |
_aDerecho civil- _zEspaña- _vLegislación _911663 |
| 650 |
_aCódigo civil- _zEspaña. _9135863 |
||
| 700 | 1 |
_aFernández de la Hoz, José María. _949668 |
|
| 852 |
_aES-MaACL _jB-7151 |
||
| 999 |
_c44446 _d44446 |
||